| 000 | 00346nam a22001457a 4500 | ||
|---|---|---|---|
| 999 |
_c10923 _d10923 |
||
| 003 | OSt | ||
| 008 | 210814b ||||| |||| 00| 0 eng d | ||
| 082 |
_a823.92 _bSAK |
||
| 100 | G | _aSANGHI, Ashwin | |
| 245 | _aKeepers of the Kalachakra | ||
| 260 |
_aChennai _bWestland Limited _c2018 |
||
| 300 | _a406 | ||
| 650 | _aReligious | ||
| 942 |
_2ddc _cBK |
||